Atlético Madrid all time xi - Statistics

General Stats
  • This quiz has been taken 98 times
  • The average score is 9 of 11
Answer Stats
Hint Answer % Correct
GK(Slovenia) Jan Oblak
100%
FW(France) Antoine Griezmann
99%
MF(Spain) Koke
94%
DF(Uruguay) Diego Godín
93%
DF(Uruguay) José María Giménez
83%
DF(Brazil) Filipe Luís
79%
DF(Spain) Juanfran
77%
MF(Spain) Saúl Ñíguez
70%
FW(Spain) Fernando Torres
68%
MF(Spain) Gabi
64%
MF(Argentina) Ángel Correa
48%
No matching quizzes found
Score Distribution
Percent of People with Each Score
Percentile by Number Answered
Your Score History
You have not taken this quiz